<?xml version="1.0" encoding="UTF-8"?>
<record
    xmlns:xsi="http://www.w3.org/2001/XMLSchema-instance"
    xsi:schemaLocation="http://www.loc.gov/MARC21/slim http://www.loc.gov/standards/marcxml/schema/MARC21slim.xsd"
    xmlns="http://www.loc.gov/MARC21/slim">

  <leader>00311nam a2200121Ia 4500</leader>
  <controlfield tag="008">221102s9999    xx            000 0 und d</controlfield>
  <datafield tag="041" ind1=" " ind2=" ">
    <subfield code="a">eng</subfield>
  </datafield>
  <datafield tag="082" ind1=" " ind2=" ">
    <subfield code="b">Pra</subfield>
  </datafield>
  <datafield tag="100" ind1=" " ind2=" ">
    <subfield code="a">Prasad   B</subfield>
  </datafield>
  <datafield tag="245" ind1=" " ind2=" ">
    <subfield code="a">A   Background  to  the  Study  of   English  Literature</subfield>
  </datafield>
  <datafield tag="250" ind1=" " ind2=" ">
    <subfield code="a">28</subfield>
  </datafield>
  <datafield tag="260" ind1=" " ind2=" ">
    <subfield code="b">Trinity   Press</subfield>
    <subfield code="c">1905-07-06</subfield>
  </datafield>
  <datafield tag="999" ind1=" " ind2=" ">
    <subfield code="c">82199</subfield>
    <subfield code="d">82199</subfield>
  </datafield>
  <datafield tag="952" ind1=" " ind2=" ">
    <subfield code="0">0</subfield>
    <subfield code="1">0</subfield>
    <subfield code="4">0</subfield>
    <subfield code="7">0</subfield>
    <subfield code="8">BA</subfield>
    <subfield code="a">BCAS</subfield>
    <subfield code="b">BCAS</subfield>
    <subfield code="d">2021-08-11</subfield>
    <subfield code="o">PRA</subfield>
    <subfield code="p">BCAS-B-766</subfield>
    <subfield code="r">2025-05-03 00:00:00</subfield>
    <subfield code="w">2022-11-04</subfield>
    <subfield code="y">BK</subfield>
    <subfield code="z">B00766</subfield>
  </datafield>
  <datafield tag="952" ind1=" " ind2=" ">
    <subfield code="0">0</subfield>
    <subfield code="1">0</subfield>
    <subfield code="4">0</subfield>
    <subfield code="7">0</subfield>
    <subfield code="8">BA</subfield>
    <subfield code="a">BCAS</subfield>
    <subfield code="b">BCAS</subfield>
    <subfield code="d">2021-08-11</subfield>
    <subfield code="l">1</subfield>
    <subfield code="o">PRA</subfield>
    <subfield code="p">BCAS-B-767</subfield>
    <subfield code="r">2023-07-17 00:00:00</subfield>
    <subfield code="s">2023-07-11</subfield>
    <subfield code="w">2022-11-04</subfield>
    <subfield code="y">BK</subfield>
    <subfield code="z">B00767</subfield>
  </datafield>
  <datafield tag="952" ind1=" " ind2=" ">
    <subfield code="0">0</subfield>
    <subfield code="1">0</subfield>
    <subfield code="4">0</subfield>
    <subfield code="7">0</subfield>
    <subfield code="8">BA</subfield>
    <subfield code="a">BCAS</subfield>
    <subfield code="b">BCAS</subfield>
    <subfield code="d">2021-08-11</subfield>
    <subfield code="o">PRA</subfield>
    <subfield code="p">BCAS-B-768</subfield>
    <subfield code="r">2022-11-04 00:00:00</subfield>
    <subfield code="w">2022-11-04</subfield>
    <subfield code="y">BK</subfield>
    <subfield code="z">B00768</subfield>
  </datafield>
</record>
